常用漢字表の読み - Statistics

General Stats
  • This quiz has been taken 83 times
  • The average score is 2 of 21
Answers on the Grid
Answers color-coded by a green-red scale on the quiz's grid according to % correct below.
公(おおやけ)
則(のっと-る)
勤(ゴン)
司(つかさど-る)
各(おのおの)
呉(く-れる)
唆(そそのか-す)
営(いとな-む)
埼(さき)
委(ゆだ-ねる)
媛(ひめ)
宜(よろ-しい)
実(さね)
審(つまび-らか)
寿(ことぶき)
尚(なお)
局(つぼね)
崇(あが-める)
恭(うやうや-しい)
愛(め-でる)
承(うけたまわ-る)
暇(ひま)
概(おおむ-ね)
殺(あや-める)
況(いわ-んや)
活(い-かす)
火(ほ)
畝(せ)
益(ま-す)
確(しか-と)
究(きわ-める)
窮(きわ-まる)
経(た-つ)
政(まつりごと)
償(つぐな-う)
育(はぐく-む)
苛(さいな-む)
茨(いばら)
虐(しいた-げる)
虚(むな-しい)
虞(おそれ)
角(すみ)
誤(あやま-る)
趣(おもむ-く)
輩(ともがら)
辛(つら-い)
違(たが-える)
酷(ひど-い)
鑑(かがみ)
限(きり)
隔(へだ-てる)
駒(ク)
 
Answer Stats
Answer % Correct
公(おおやけ)
75%
営(いとな-む)
25%
各(おのおの)
15%
承(うけたまわ-る)
15%
唆(そそのか-す)
12%
委(ゆだ-ねる)
12%
暇(ひま)
8%
育(はぐく-む)
8%
勤(ゴン)
7%
恭(うやうや-しい)
7%
茨(いばら)
5%
虞(おそれ)
5%
寿(ことぶき)
3%
火(ほ)
3%
究(きわ-める)
3%
政(まつりごと)
3%
償(つぐな-う)
3%
誤(あやま-る)
3%
隔(へだ-てる)
3%
窮(きわ-まる)
2%
虐(しいた-げる)
0%
No matching quizzes found
Score Distribution
Percent of People with Each Score
Percentile by Number Answered
Your Score History
You have not taken this quiz